Keats poetry and prose (Transfered to SOA) (Record no. 244143)

000 -LEADER
fixed length control field 00202 a2200097 4500
001 - CONTROL NUMBER
control field 9070
090 ## - LOCALLY ASSIGNED LC-TYPE CALL NUMBER (OCLC); LOCAL CALL NUMBER (RLIN)
-- 7249
-- 7249
100 ## - MAIN ENTRY--PERSONAL NAME
Personal name Keats, J
245 ## - TITLE STATEMENT
Title Keats poetry and prose (Transfered to SOA)
260 ## - PUBLICATION, DISTRIBUTION, ETC.
Name of publisher, distributor, etc. Oxford
942 ## - ADDED ENTRY ELEMENTS (KOHA)
Institution code [OBSOLETE] NUST-CAE
Holdings
Withdrawn status Lost status Damaged status Not for loan Collection code Permanent Location Current Location Date acquired Total Checkouts Barcode Date last seen Price effective from Koha item type
          College of Aeronautical Engineering (CAE) College of Aeronautical Engineering (CAE) 04/03/2017   CAE8413 04/05/2017 04/05/2017 Book
© 2023 Central Library, National University of Sciences and Technology. All Rights Reserved.